Caro : (Запис № 478538)
[ простий вигляд ]
| 000 -LEADER | |
|---|---|
| fixed length control field | 01257cam a2200325 i 4500 |
| 001 - CONTROL NUMBER | |
| control field | caronovel00pack |
| 003 - CONTROL NUMBER IDENTIFIER | |
| control field | CaSfIA |
| 005 - DATE AND TIME OF LATEST TRANSACTION | |
| control field | 20210117222747.0 |
| 007 - PHYSICAL DESCRIPTION FIXED FIELD--GENERAL INFORMATION | |
| fixed length control field | cr|||| |
| 008 - FIXED-LENGTH DATA ELEMENTS--GENERAL INFORMATION | |
| fixed length control field | 750407s1975 nyu 000 1 eng |
| 010 ## - LIBRARY OF CONGRESS CONTROL NUMBER | |
| LC control number | 75011858 |
| 040 ## - CATALOGING SOURCE | |
| Original cataloging agency | DLC |
| Transcribing agency | DLC |
| Modifying agency | CLU |
| -- | CaSfIA |
| 020 ## - INTERNATIONAL STANDARD BOOK NUMBER | |
| International Standard Book Number | 0525076506 |
| 020 ## - INTERNATIONAL STANDARD BOOK NUMBER | |
| International Standard Book Number | 9780525076506 |
| 035 ## - SYSTEM CONTROL NUMBER | |
| System control number | (OCoLC)1324418 |
| 050 04 - LIBRARY OF CONGRESS CALL NUMBER | |
| Classification number | PZ4.P117 |
| -- | PS3566.A316 |
| 082 #4 - DEWEY DECIMAL CLASSIFICATION NUMBER | |
| Classification number | 813/.5/4 |
| 029 1# - (OCLC) | |
| OCLC library identifier | NZ1 |
| System control number | 2938820 |
| 029 1# - (OCLC) | |
| OCLC library identifier | AU@ |
| System control number | 000000387006 |
| 100 1# - MAIN ENTRY--PERSONAL NAME | |
| Personal name | Packer, Bernard. |
| 245 10 - TITLE STATEMENT | |
| Title | Caro : |
| Medium | [electronic resource] |
| Remainder of title | a novel / |
| Statement of responsibility, etc | by Bernard Packer. |
| 250 ## - EDITION STATEMENT | |
| Edition statement | 1st ed. |
| 260 ## - PUBLICATION, DISTRIBUTION, ETC. (IMPRINT) | |
| Place of publication, distribution, etc | New York : |
| Name of publisher, distributor, etc | Dutton, |
| Date of publication, distribution, etc | 1975. |
| 300 ## - PHYSICAL DESCRIPTION | |
| Extent | 309 p. ; |
| Dimensions | 22 cm. |
| 506 ## - RESTRICTIONS ON ACCESS NOTE | |
| Standardized terminology for access restriction | Необхідна авторизація на https://archive.org/ (створення облікового запису безкоштовно) |
| 506 ## - RESTRICTIONS ON ACCESS NOTE | |
| Standardized terminology for access restriction | Необхідна авторизація на https://openlibrary.org/ (створення облікового запису безкоштовно) |
| 856 41 - ELECTRONIC LOCATION AND ACCESS | |
| Uniform Resource Identifier | <a href="http://www.archive.org/details/caronovel00pack">http://www.archive.org/details/caronovel00pack</a> |
| Public note | Free eBook from the Internet Archive |
| 856 42 - ELECTRONIC LOCATION AND ACCESS | |
| Uniform Resource Identifier | <a href="http://www.openlibrary.org/books/OL5191294M">http://www.openlibrary.org/books/OL5191294M</a> |
| Public note | Additional information and access via Open Library |
| 942 ## - ADDED ENTRY ELEMENTS (KOHA) | |
| Koha item type | ЕКнига |
Немає доступних примірників.